000 00574nam a2200193Ia 4500
003 GCL
008 140319s9999 xx 000 0 ara d
040 _aGCL /
_cGCL
082 0 4 _a811.9
_bص ا
100 1 _aصلاح جاهين
245 1 0 _aاشعار العامية المصرية /
_cصلاح جاهين
260 _a[S.N] :
_bالاهرام للترجمة والنشر ،
_c1987
300 _a176 ص
490 _a
650 0 4 _aالشعر العربى
650 0 4 _aالزجل
650 0 4 _aالشعر العربى - العصر الحديث
942 _2ddc
_cBK
999 _c31956
_d31956